Ημερίδα : Μιλάμε για το νερό στο μουσείο : εκπαιδευτικά προγράμματα για το νερό και την ύδρευση

Αποθηκεύτηκε σε:
Λεπτομέρειες βιβλιογραφικής εγγραφής
Συλλογικό Έργο: Υπουργείο Πολιτισμού 4η εφορεία Νεωτέρων Μνημείων, Μουσείο Βυζαντινού Πολιτισμού
Μορφή: Βιβλίο
Γλώσσα:Greek
Δημοσίευση: Θεσσαλονίκη : Υπουργείο Πολιτισμού, 1999
Θέματα:
Ετικέτες: Προσθήκη ετικέτας
Δεν υπάρχουν, Καταχωρήστε ετικέτα πρώτοι!

MARC

LEADER 00000cam a2200000 i 4500
001 1/31143
008 060616s1999 gre d
020 |a 960-214-716-4 
035 |l 10084330 
040 |a GR-MY-UA  |b gre  |e aacr 
041 0 |a gre 
082 0 |a 372.357  |2 (22) 
245 0 0 |a Ημερίδα :   |b Μιλάμε για το νερό στο μουσείο : εκπαιδευτικά προγράμματα για το νερό και την ύδρευση /  |c Υπουργείο Πολιτισμού. 4η Εφορεία Νεοτέρων Μνημείων 
260 |a Θεσσαλονίκη :   |b Υπουργείο Πολιτισμού,   |c 1999 
300 |a 48 σ.;  |b εικ., σχεδ.;  |c 24 εκ. 
500 |a Ημερίδα με θέμα: Μιλάμε για το νερό στο μουσείο "Εκπαιδευτικά προγράμματα για το νερό και την ύδρευση" πραγματοποιήθηκε Στο Μουσείο Βυζαντινού Πολιτισμού, αμφιθέατρο "Μελίνα Μερκούρη" 
650 0 0 |a Environmental education  |x Study and teaching  |z Greece  |x Congresses. 
650 0 0 |a Water resources development  |x Study and teaching  |z Greece  |x Congresses. 
650 0 0 |a Water-supply engineering  |x Congresses. 
650 0 0 |a Water. 
710 2 |a Υπουργείο Πολιτισμού  |b 4η εφορεία Νεωτέρων Μνημείων. 
710 2 |a Μουσείο Βυζαντινού Πολιτισμού. 
852 |a INST  |b LESVOS  |e 20060616  |h 372.357 ΥΠΟ  |p 005100036106  |q 005100036106  |t BK  |y 0 
901 |a BIBL1-2006-2 
970 |a ΚΑΡΑ  |b ΓΙΑΣΕΜΗ  |z 2006/06/16